Statistieken voor Landen met maar 1 buurland

Klik hier om de quiz te nemen!

Algemene statistieken

  • Deze quiz is 163 keer genomen
  • De gemiddelde score is 14 van 17

Antwoordstatistieken

BuurlandLand met 1 buurland% Correct
Verenigde StatenCanada
98%
Verenigd KoninkrijkIerland
93%
DuitslandDenemarken
91%
SpanjePortugal
88%
Noord-KoreaZuid-Korea
87%
ItaliëVaticaanstad
85%
IerlandVerenigd Koninkrijk
85%
Zuid-AfrikaLesotho
83%
ItaliëSan Marino
82%
HaïtiDominicaanse Republiek
78%
Dominicaanse RepubliekHaïti
78%
FrankrijkMonaco
78%
SenegalGambia
73%
Saoedi-ArabiëQatar
73%
MaleisiëBrunei
71%
IndonesiëPapoea-Nieuw-Guinea
65%
IndonesiëOost-Timor
63%

Scoreverdeling

Percentiel versus Aantal Correcte Antwoorden

Procent van Mensen met Elke Score

Uw Scoregeschiedenis

U heeft deze quiz nog niet genomen